Catalog

Record Details

Catalog Search



Norman didn't do it! (yes, he did.) : Mother Bruce  Cover Image Book Book

Norman didn't do it! (yes, he did.) : Mother Bruce / by Ryan T. Higgins.

Higgins, Ryan T.,: (author,:, illustrator.).

Summary:

Norman is a porcupine. Mildred is a tree. Norman and Mildred are best friends. Just the two of them. And only the two of them. When another tree pops up (surprise!), Norman wrestles with feelings of jealousy as he watches Mildred and the other tree grow closer. Will Norman and Mildred's friendship survive?

Record details

  • ISBN: 9781368026239
  • ISBN: 1368026230
  • Physical Description: 48 pages : color illustrations ; 27 cm
  • Edition: First edition.
  • Publisher: New York, New York : Disney, Hyperion, 2021.

Content descriptions

Target Audience Note:
Ages 3-6. DisneyHyperion.
Grades PreS-1. DisneyHyperion.
Awards Note:
Golden Sower Nominee 2023-2024.
Subject: Friendship > Juvenile fiction.
Jealousy > Juvenile fiction.
Trees > Juvenile fiction.
Porcupines > Juvenile fiction.
Genre: Juvenile works
Picture books.
Animal fiction.

Available copies

  • 1 of 1 copy available at scottsboropl.

Holds

  • 0 current holds with 1 total copy.
Show Only Available Copies
Location Call Number / Copy Notes Barcode Shelving Location Status Due Date
scottsboropl E Hig 32269001186512 Juvenile - Easy Available -

LDR 04528cam a2201093 i 4500
001165711
003SBPL
00520250421152846.0
008201103t20212021caua j 000 1 eng
010 . ‡a 2020046343
020 . ‡a9781368026239 ‡qhardcover
020 . ‡a1368026230 ‡qhardcover
035 . ‡a(OCoLC)1204268695 ‡z(OCoLC)1262792135 ‡z(OCoLC)1264797477 ‡z(OCoLC)1266268714 ‡z(OCoLC)1268236369 ‡z(OCoLC)1313042888 ‡z(OCoLC)1319485388 ‡z(OCoLC)1388326486
050 4. ‡aPS3608.I3666 ‡bN67 2021
08204. ‡a813/.6 ‡223
1001 . ‡aHiggins, Ryan T.,: ‡eauthor,: ‡eillustrator.
24510. ‡aNorman didn't do it! (yes, he did.) : ‡bMother Bruce / ‡cby Ryan T. Higgins.
2463 . ‡aNorman did not do it
250 . ‡aFirst edition.
264 1. ‡aNew York, New York : ‡bDisney, Hyperion, ‡c2021.
300 . ‡a48 pages : ‡bcolor illustrations ; ‡c27 cm
336 . ‡atext ‡btxt ‡2rdacontent
336 . ‡astill image ‡bsti ‡2rdacontent
337 . ‡aunmediated ‡bn ‡2rdamedia
338 . ‡avolume ‡bnc ‡2rdacarrier
4900 . ‡aMother Bruce #6
521 . ‡aAges 3-6. ‡bDisneyHyperion.
521 . ‡aGrades PreS-1. ‡bDisneyHyperion.
520 . ‡aNorman is a porcupine. Mildred is a tree. Norman and Mildred are best friends. Just the two of them. And only the two of them. When another tree pops up (surprise!), Norman wrestles with feelings of jealousy as he watches Mildred and the other tree grow closer. Will Norman and Mildred's friendship survive?
586 . ‡aGolden Sower Nominee 2023-2024.
650 0. ‡aFriendship ‡vJuvenile fiction.
650 0. ‡aJealousy ‡vJuvenile fiction.
650 0. ‡aTrees ‡vJuvenile fiction.
650 0. ‡aPorcupines ‡vJuvenile fiction.
655 7. ‡aJuvenile works ‡2fast
655 7. ‡aPicture books. ‡2lcgft
655 7. ‡aAnimal fiction. ‡2lcgft
901 . ‡a165711 ‡bAUTOGEN ‡c165711 ‡tbiblio

Additional Resources